000 00949nam a2200217 a 4500
008 120416s1995 ||||||||||||||||| || u
020 _a0821331671
050 _aHC 800.Z9 Soc
100 _aMarc, Alexandre, 1956-
245 1 0 _aSocial action programs and social funds
246 _aa review of design and implimentation in Sub-Saharan Africa
260 _aWashington, D. C.
_bWorld Bank
_c1995
300 _axv, 155p. : ill.
350 _a0.00
650 _aPOOR--AFRICA, SUBSAHARAN
650 0 _aECONOMICS
650 _aECONOMIC ASSISTANCE, DOMESTIC--AFRICA, SUB-SAHARAN
650 _aCOMMUNITY DEVELOPMENT--AFRICA, SUB-SAHARAN
995 _aANNEX COLLECTION (Main Library)
_D0.00
_e727751
_FCBU-MAIN LIBRARY (Kitwe)
_H2
_I0.00
_jHC 800.Z9 Soc
_M2
_UAVAILABLE
_y025744
_ZAnnex Low-Usage Collection
995 _aSPECIAL COLLECTIONS
_D0.00
_e019595
_FCBU-MAIN LIBRARY (Kitwe)
_H1
_I0.00
_jIBRD(08)DP/274
_M1
_UAVAILABLE
_y019595
_ZInternational Publications
999 _c76568
_d76568